01117nam a22002057a 45000010005000000030006000050050017000110080041000280200018000690400029000870500008001160820008001241000019001322450089001512600056002403000056002965200501003526500028008537000030008815658FISKH20250123100307.0250109b cb ||||| |||| 00| 0 eng d a9780521893503 aFISKHbengcFISKHdFISKH aPZ7 a910 aMcAleavy, Tony aTwentieth century history : bInternational relations since 1919 /cby Tony McAleavy aCambridge : bCambridge University Press , c1996.  a176 pages : bcolor illustrations , maps ;c28 cm . aCambridge IGCSE Twentieth Century History covers the Cambridge IGCSE History syllabus and relates to the Twentieth Century core content. The theme of the book is International Relations from 1919 to the end of the 20th century. Lively and accessible text is based around lead questions matching those in the Cambridge IGCSE syllabus. Essential knowledge is provided through background briefings, analysis of issues through investigations and review sections to provide opportunities for revision. aSecondary vNon-fiction aBall, Gerry eillustrator